Na Estrada para Bagdad (Record no. 46016)

MARC details
000 -Etiqueta do registo
Valores 00363nam a2200157 4500
100 ## - Dados gerais de processamento
Dados gerais 20260421 pory50
101 ## - Língua de publicação
Língua por
102 ## - País de publicação
País PT
200 ## - Titulo e menção de responsabilidade
Título próprio Na Estrada para Bagdad
Primeira menção de responsabilidade Güneli Gün
Outras menções de responsabilidade trad. José Vieira de Lima
210 ## - Publicação
Local de publicação Porto
Nome do editor Asa
Data de publicação 1996
215 ## - Descrição física 
Paginação / Volumes 427 p.
675 ## - CDU
Notação 82-31
801 ## - Fonte de origem
País PT
Regras de catalogação RPC
990 ## - Elementos KOHA
Tipo de documento Livro
Holdings
Aquisição Empréstimo Código de barras Cota Permissão de empréstimo Tipo de documento
Biblioteca Escolar Doutor Hernâni Cidade Biblioteca Escolar Doutor Hernâni Cidade 82864 82-31 GUN ROMANCE   Livro

Powered by Koha